| 000 | 00694nam a2200205 i 4500 | ||
|---|---|---|---|
| 001 | 139183 | ||
| 003 | ES-MaACL | ||
| 005 | 20230906195723.0 | ||
| 007 | t| | ||
| 008 | 070214s1982 sp b |||| | spa d | ||
| 100 | 1 |
_aScari, Robert M. _9104149 |
|
| 245 | 1 | 0 |
_aBibliografía descriptiva de estudios críticos sobre la obra de Emilia Pardo Bazán / _cRobert M. Scari. |
| 260 |
_aValencia : _bAlbatros, _c1982. |
||
| 300 |
_a141 p. ; _c24 cm. |
||
| 490 | 1 |
_aAlbatros hispanófila ; _v23 |
|
| 600 | 1 | 7 |
_aPardo Bazán, Emilia, _cCondesa de, _d1851-1921- _vBibliografías _2 _9170543 |
| 830 | 0 |
_aAlbatros hispanófila ; _v23 _9182649 |
|
| 852 |
_aES-MaACL _jL-2585 |
||
| 999 |
_c139183 _d139183 |
||